Zdobywcy Ligi Mistrzów - Składy - Statystyki

Ogólne statystyki
  • Ten quiz został rozwiązany 34 razy
  • Średni wynik to 233 z 456
Statystyki odpowiedzi
Drużyna Sezon NAR Pozycja Odpowiedź % Poprawnych
PSG 2024/25 POR N Goncalo Ramos
100%
Real Madryt 2013/14 SPA ŚO Sergio Ramos
100%
Real Madryt 2015/16 SPA ŚO Sergio Ramos
100%
Real Madryt 2016/17 SPA ŚO Sergio Ramos
100%
Real Madryt 2017/18 SPA ŚO Sergio Ramos
100%
Manchester United 2007/08 POR LS Cristiano Ronaldo
96%
Real Madryt 2013/14 POR LS Cristiano Ronaldo
96%
Real Madryt 2015/16 POR LS Cristiano Ronaldo
96%
Real Madryt 2016/17 POR N Cristiano Ronaldo
96%
Real Madryt 2017/18 POR N Cristiano Ronaldo
96%
Real Madryt 2013/14 FRA N Karim Benzema
96%
Real Madryt 2015/16 FRA N Karim Benzema
96%
Real Madryt 2016/17 GER N Karim Benzema
96%
Real Madryt 2017/18 FRA N Karim Benzema
96%
Real Madryt 2021/22 FRA N Karim Benzema
96%
Real Madryt 2013/14 CRO ŚP Luka Modrić
96%
Real Madryt 2015/16 CRO ŚP Luka Modric
96%
Real Madryt 2016/17 CRO ŚP Luka Modric
96%
Real Madryt 2017/18 CRO ŚP Luka Modric
96%
Real Madryt 2021/22 CRO ŚP Luka Modric
96%
Real Madryt 2023/24 CRO ŚP Luka Modric
96%
Bayern 2019/20 POL N Robert Lewandowski
96%
Bayern 2012/13 GER ŚPO Thomas Muller
96%
Bayern 2019/20 GER ŚPO Thomas Muller
96%
Real Madryt 2013/14 WAL PS Gareth Bale
92%
Real Madryt 2015/16 WAL PS Gareth Bale
92%
Real Madryt 2016/17 WAL PS Gareth Bale
92%
Real Madryt 2017/18 WAL PS Gareth Bale
92%
FC Barcelona 2014/15 URU N Luis Suarez
92%
PSG 2024/25 FRA CN Ousmane Dembele
92%
FC Barcelona 2005/06 SPA ŚP Andres Iniesta
88%
FC Barcelona 2008/09 SPA ŚP Andres Iniesta
88%
FC Barcelona 2010/11 SPA ŚP Andres Iniesta
88%
FC Barcelona 2014/15 SPA ŚP Andres Iniesta
88%
Manchester City 2022/23 POR PP Bernardo Silva
88%
Real Madryt 2021/22 BRA ŚO Eder Militao
88%
Real Madryt 2023/24 BRA ŚO Eder Militao
88%
Real Madryt 2023/24 ENG ŚPO Jude Bellingham
88%
Manchester City 2022/23 BEL ŚPO Kevin De Bruyne
88%
FC Barcelona 2008/09 ARG PS Lionel Messi
88%
FC Barcelona 2010/11 ARG CN Lionel Messi
88%
FC Barcelona 2014/15 ARG PS Lionel Messi
88%
Real Madryt 2013/14 BRA LO Marcelo
88%
Real Madryt 2015/16 BRA LO Marcelo
88%
Real Madryt 2016/17 BRA LO Marcelo
88%
Real Madryt 2017/18 BRA LO Marcelo
88%
Liverpool 2018/19 EGY PS Mohamed Salah
88%
FC Barcelona 2014/15 BRA LS Neymar
88%
Real Madryt 2015/16 POR ŚO Pepe
88%
Manchester City 2022/23 SPA ŚPD Rodri
88%
Chelsea 2020/21 BRA ŚO Thiago Silva
88%
Real Madryt 2015/16 GER ŚP Toni Kroos
88%
Real Madryt 2016/17 GER ŚP Toni Kroos
88%
Real Madryt 2017/18 GER ŚP Toni Kroos
88%
Real Madryt 2021/22 GER ŚP Toni Kroos
88%
Real Madryt 2023/24 GER ŚP Toni Kroos
88%
Real Madryt 2021/22 BRA LS Vinicius
88%
Real Madryt 2023/24 BRA LS Vinicius
88%
Chelsea 2020/21 GER ŚO Antonio Rudiger
84%
Real Madryt 2023/24 GER ŚO Antonio Rudiger
84%
Real Madryt 2015/16 BRA ŚPD Casemiro
84%
Real Madryt 2016/17 BRA ŚPD Casemiro
84%
Real Madryt 2017/18 BRA ŚPD Casemiro
84%
Real Madryt 2021/22 BRA ŚPD Casemiro
84%
Manchester City 2022/23 NOR N Erling Haaland
84%
Real Madryt 2021/22 URU PS Federico Valverde
84%
Real Madryt 2023/24 URU ŚP Federico Valverde
84%
Bayern 2012/13 GER BR Manuel Neuer
84%
Bayern 2019/20 GER BR Manuel Neuer
84%
Bayern 2012/13 GER PO Phillipp Lahm
84%
Manchester City 2022/23 POR ŚO Ruben Dias
84%
Real Madryt 2021/22 BEL BR Thibaut Courtois
84%
Real Madryt 2023/24 BEL BR Thibaut Courtois
84%
Bayern 2012/13 NED PS Arjen Robben
80%
FC Barcelona 2010/11 BRA PO Dani Alves
80%
FC Barcelona 2014/15 BRA PO Dani Alves
80%
Real Madryt 2013/14 SPA PO Dani Carvajal
80%
Real Madryt 2015/16 SPA PO Dani Carvajal
80%
Real Madryt 2016/17 SPA PO Dani Carvajal
80%
Real Madryt 2017/18 SPA PO Dani Carvajal
80%
Real Madryt 2021/22 SPA PO Dani Carvajal
80%
Real Madryt 2023/24 SPA PO Dani Carvajal
80%
Bayern 2012/13 AUT LO David Alaba
80%
Bayern 2019/20 AUT ŚO David Alaba
80%
Real Madryt 2021/22 AUT ŚO David Alaba
80%
PSG 2024/25 FRA PS Desire Doue
80%
Chelsea 2020/21 SEN BR Edouard Mendy
80%
Real Madryt 2021/22 FRA LO Ferland Mendy
80%
Real Madryt 2023/24 FRA LO Ferland Mendy
80%
PSG 2024/25 ITA BR Gianluigi Donnarumma
80%
Real Madryt 1999/00 SPA BR Iker Casillas
80%
Real Madryt 2001/02 SPA BR Iker Casillas
80%
Real Madryt 2013/14 SPA BR Iker Casillas
80%
Manchester City 2022/23 GER ŚPO Ilkay Gundogan
80%
Chelsea 2020/21 GER ŚPO Kai Havertz
80%
Bayern 2019/20 FRA LS Kingsley Coman
80%
Manchester City 2022/23 SUI ŚO Manuel Akanji
80%
Chelsea 2020/21 FRA ŚP N'Golo Kante
80%
PSG 2024/25 POR LO Nuno Mendes
80%
FC Porto 2003/04 POR ŚP Pedro Mendes
80%
Real Madryt 2021/22 BRA PS Rodrygo
80%
Real Madryt 2023/24 BRA PS Rodrygo
80%
Liverpool 2018/19 SEN LS Sadio Mane
80%
FC Barcelona 2008/09 SPA ŚPD Sergio Busquets
80%
FC Barcelona 2010/11 SPA ŚPD Sergio Busquets
80%
FC Barcelona 2014/15 SPA ŚPD Sergio Busquets
80%
PSG 2024/25 POR ŚP Vitinha
80%
PSG 2024/25 MOR PO Achraf Hakimi
76%
Liverpool 2018/19 BRA BR Alisson
76%
Bayern 2019/20 CAN LO Alphonso Davies
76%
Liverpool 2018/19 SCO LO Andrew Robertson
76%
Chelsea 2020/21 USA LS Christian Pulisic
76%
Chelsea 2011/12 WKS N Didier Drogba
76%
Manchester City 2022/23 BRA BR Ederson
76%
Real Madryt 2021/22 FRA ŚP Eduardo Camavinga
76%
Real Madryt 2023/24 FRA ŚPD Eduardo Camavinga
76%
Bayern 2012/13 FRA LS Franck Ribery
76%
Bayern 2019/20 CRO LS Ivan Perisic
76%
PSG 2024/25 POR ŚP Joao Neves
76%
FC Barcelona 2014/15 SPA LO Jordi Alba
76%
Chelsea 2020/21 ITA ŚP Jorginho
76%
Real Madryt 2015/16 COS BR Keylor Navas
76%
Real Madryt 2016/17 COS BR Keylor Navas
76%
Real Madryt 2017/18 COS BR Keylor Navas
76%
Manchester City 2022/23 ENG PO Kyle Walker
76%
Bayern 2019/20 GER ŚP Leon Goretzka
76%
Manchester City 2022/23 NED ŚO Nathan Ake
76%
Bayern 2019/20 BRA ŚPO Phillippe Coutinho
76%
Real Madryt 2013/14 FRA ŚO Raphael Varane
76%
Real Madryt 2016/17 FRA ŚO Raphael Varane
76%
Real Madryt 2017/18 FRA ŚO Raphael Varane
76%
Liverpool 2018/19 BRA N Roberto Firmino
76%
Bayern 2019/20 GER PS Serge Gnabry
76%
AC Milan 1993/94 ITA PO Stefano Nava
76%
Chelsea 2020/21 GER N Timo Werner
76%
Liverpool 2018/19 NED ŚO Virgil Van Dijk
76%
FC Barcelona 2008/09 SPA ŚP Xavi
76%
FC Barcelona 2010/11 SPA ŚP Xavi
76%
FC Barcelona 2014/15 SPA ŚP Xavi
76%
Chelsea 2020/21 DEN ŚO Andreas Christensen
72%
PSG 2024/25 FRA PS Bradley Barcola
72%
Liverpool 2018/19 BEL N Divock Origi
72%
Chelsea 2011/12 ENG ŚP Frank Lampard
72%
FC Barcelona 2008/09 SPA ŚO Gerard Pique
72%
FC Barcelona 2010/11 SPA ŚO Gerard Pique
72%
FC Barcelona 2014/15 SPA ŚO Gerard Pique
72%
FC Barcelona 2014/15 CRO ŚP Ivan Rakitic
72%
FC Barcelona 2014/15 GER BR Marc Andre Ter Stegen
72%
Chelsea 2020/21 CRO ŚP Mateo Kovacic
72%
Manchester City 2022/23 ENG ŚPO Phil Foden
72%
Bayern 2019/20 SPA ŚP Thiago Alcantara
72%
Liverpool 2004/05 SPA ŚPD Xabi Alonso
72%
Real Madryt 2013/14 ARG ŚPO Angel Di Maria
68%
Bayern 2019/20 FRA PO Benjamin Pavard
68%
FC Barcelona 2005/06 SPA ŚO Carles Puyol
68%
FC Barcelona 2008/09 SPA PO Carles Puyol
68%
FC Barcelona 2010/11 SPA ŚO Carles Puyol
68%
PSG 2024/25 SPA ŚP Fabian Ruiz
68%
Manchester City 2022/23 ENG LP Jack Grealish
68%
Bayern 2012/13 GER ŚO Jerome Boateng
68%
Bayern 2019/20 GER ŚO Jerome Boateng
68%
Liverpool 2018/19 ENG ŚP Jordan Henderson
68%
Real Madryt 2016/17 SPA LS Marco Asensio
68%
Real Madryt 2017/18 SPA LS Marco Asensio
68%
Bayern 2012/13 CRO N Mario Mandzukic
68%
PSG 2024/25 BRA ŚO Marquinhos
68%
FC Barcelona 2008/09 SPA LS Pedro
68%
FC Barcelona 2010/11 SPA LS Pedro
68%
FC Barcelona 2014/15 SPA PS Pedro
68%
Chelsea 2011/12 CZH BR Petr Cech
68%
FC Barcelona 2005/06 CAM N Samuel Eto'o
68%
FC Barcelona 2008/09 CAM N Samuel Eto'o
68%
Inter 2009/10 CAM PS Samuel Eto'o
68%
Liverpool 2018/19 ENG PO Trent Alexander - Arnold
68%
PSG 2024/25 ECU ŚO Willian Pacho
68%
Real Madryt 2013/14 SPA N Alvaro Morata
64%
Real Madryt 2016/17 SPA N Alvaro Morata
64%
Real Madryt 2013/14 SPA ŚPO Isco
64%
Real Madryt 2015/16 SPA ŚPO Isco
64%
Real Madryt 2016/17 SPA ŚPO Isco
64%
Real Madryt 2017/18 SPA ŚPO Isco
64%
FC Barcelona 2010/11 ARG ŚO Javier Mascherano
64%
FC Barcelona 2014/15 ARG ŚO Javier Mascherano
64%
Liverpool 2018/19 ENG ŚO Joe Gomez
64%
Manchester City 2022/23 ENG ŚPD John Stones
64%
Bayern 2012/13 GER N Mario Gomez
64%
Chelsea 2020/21 ENG ŚPO Mason Mount
64%
Chelsea 2020/21 ENG PO Reece James
64%
Manchester United 1998/99 ENG N Andy Cole
60%
Chelsea 2011/12 ENG LO Ashley Cole
60%
Bayern 2019/20 FRA ŚP Corentin Tolisso
60%
Liverpool 2018/19 BRA ŚP Fabinho
60%
Real Madryt 2023/24 SPA N Joselu
60%
AC Milan 1993/94 ITA ŚO Paolo Maldini
60%
AC Milan 2002/03 ITA ŚO Paolo Maldini
60%
AC Milan 2006/07 ITA ŚO Paolo Maldini
60%
Liverpool 2004/05 ENG ŚPO Steven Gerrard
60%
Real Madryt 2001/02 FRA ŚPO Zinedine Zidane
60%
Chelsea 2020/21 SPA ŚO Cesar Azpilicueta
56%
Real Madryt 2021/22 SPA ŚP Dani Ceballos
56%
FC Barcelona 2010/11 SPA PS David Villa
56%
AC Milan 2002/03 BRA BR Dida
56%
AC Milan 2006/07 BRA BR Dida
56%
FC Barcelona 2010/11 FRA LO Eric Abidal
56%
Chelsea 2011/12 SPA N Fernando Torres
56%
Ajax 1994/95 NED ŚO Frank De Boer
56%
Liverpool 2018/19 NED ŚP Georginio Wijnaldum
56%
Liverpool 2018/19 ENG ŚP James Milner
56%
Liverpool 2018/19 CAM ŚO Joel Matip
56%
PSG 2024/25 GEO LS Kvicha Kvaratskhelia
56%
Real Madryt 2015/16 SPA PS Lucas Vazquez
56%
Real Madryt 2023/24 SPA PO Lucas Vazquez
56%
Real Madryt 2017/18 SPA ŚO Nacho
56%
Real Madryt 2023/24 SPA ŚO Nacho
56%
Manchester United 2007/08 ENG ŚP Paul Scholes
56%
Real Madryt 1997/98 SPA CN Raul
56%
Real Madryt 1999/00 SPA ŚPO Raul
56%
Real Madryt 2001/02 SPA N Raul
56%
Ajax 1994/95 NED N Ronald De Boer
56%
FC Barcelona 2005/06 BRA LS Ronaldinho
56%
Real Madryt 2013/14 GER ŚP Sami Khedira
56%
FC Barcelona 2005/06 SPA BR Victor Valdes
56%
FC Barcelona 2008/09 SPA BR Victor Valdes
56%
FC Barcelona 2010/11 SPA BR Victor Valdes
56%
Manchester United 2007/08 ENG N Wayne Rooney
56%
AC Milan 2002/03 ITA ŚP Andrea Pirlo
52%
AC Milan 2006/07 ITA ŚP Andrea Pirlo
52%
AC Milan 2002/03 UKR N Andriy Shevchenko
52%
Bayern 2012/13 GER ŚPD Bastian Schweinsteiger
52%
Chelsea 2020/21 ENG LO Ben Chilwell
52%
FC Porto 2003/04 POR ŚPO Deco
52%
FC Barcelona 2005/06 POR ŚP Deco
52%
Ajax 1994/95 NED BR Edwin Van Der Sar
52%
Manchester United 2007/08 NED BR Edwin Van Der Sar
52%
AC Milan 2006/07 ITA N Filippo Inzaghi
52%
AC Milan 2002/03 ITA N Fillippo Inzaghi
52%
Bayern 2012/13 SPA ŚPD Javi Martinez
52%
Liverpool 2004/05 POL BR Jerzy Dudek
52%
AC Milan 2006/07 BRA ŚPO Kaka
52%
PSG 2024/25 FRA ŚO Lucas Hernandez
52%
Real Madryt 2001/02 POR PP Luis Figo
52%
Manchester United 2007/08 POR LS Nani
52%
Manchester United 2007/08 ENG ŚO Rio Ferdinand
52%
Manchester United 1998/99 WAL PP Ryan Giggs
52%
Manchester United 2007/08 WAL PS Ryan Giggs
52%
FC Barcelona 2008/09 FRA LS Thierry Henry
52%
FC Barcelona 2008/09 WKS ŚO Yaya Toure
52%
Ajax 1994/95 NED ŚP Clarence Seedorf
48%
Real Madryt 1997/98 NED ŚP Clarence Seedorf
48%
AC Milan 2002/03 NED ŚP Clarence Seedorf
48%
AC Milan 2006/07 NED LP Clarence Seedorf
48%
Real Madryt 2015/16 BRA PO Danilo
48%
Bayern 2012/13 BRA ŚO Dante
48%
Manchester United 1998/99 ENG ŚP David Beckham
48%
Chelsea 2011/12 BRA ŚO David Luiz
48%
Inter 2009/10 ARG N Diego Milito
48%
Manchester United 1998/99 ENG PO Gary Neville
48%
Inter 2009/10 ARG SPD Javier Zanetti
48%
FC Barcelona 2014/15 FRA ŚO Jeremy Mathieu
48%
Chelsea 2011/12 NGA ŚP John Obi Mikel
48%
FC Porto 2003/04 POR ŚO Jorge Costa
48%
Inter 2009/10 BRA BR Julio Cesar
48%
Manchester United 2007/08 SRB ŚO Nemanja Vidić
48%
AC Milan 2002/03 POR ŚPO Rui Costa
48%
PSG 2024/25 FRA ŚP Warren Zaire Emery
48%
AC Milan 2002/03 ITA ŚO Alessandro Nesta
44%
AC Milan 2006/07 ITA ŚO Alessandro Nesta
44%
Real Madryt 2001/02 SPA BR Cesar
44%
Real Madryt 2013/14 POR LO Fabio Coentrao
44%
Real Madryt 1997/98 SPA ŚO Fernando Hierro
44%
Real Madryt 1999/00 SPA ŚO Fernando Hierro
44%
Real Madryt 2001/02 SPA ŚO Fernando Hierro
44%
Chelsea 2011/12 FRA LS Florent Malouda
44%
Chelsea 2011/12 SPA ŚPO Juan Mata
44%
Inter 2009/10 BRA ŚO Lucio
44%
Manchester United 2007/08 ENG ŚP Michael Carrick
44%
Liverpool 2004/05 CZH N Milan Baros
44%
Manchester United 2007/08 FRA LO Patrice Evra
44%
FC Barcelona 2005/06 MEX ŚO Rafael Marquez
44%
Real Madryt 1997/98 BRA LO Roberto Carlos
44%
Real Madryt 1999/00 SPA LO Roberto Carlos
44%
Real Madryt 2001/02 BRA LO Roberto Carlos
44%
Chelsea 2011/12 WKS PS Salomon Kalou
44%
PSG 2024/25 FRA LS Senny Mayulu
44%
Inter 2009/10 NED ŚPO Wesley Sneijder
44%
Inter 2009/10 ROM LO Cristian Chivu
40%
Inter 2009/10 ARG ŚPD Esteban Cambiasso
40%
Inter 2009/10 MKD LS Goran Pandev
40%
FC Barcelona 2005/06 SWE ŚPO Henrik Larsson
40%
Chelsea 2011/12 POR PO Jose Bosingwa
40%
FC Barcelona 2008/09 MAL ŚP Seydou Keita
40%
FC Barcelona 2010/11 MAL ŚP Seydou Keita
40%
Juventus 1995/96 ITA LS Alessandro Del Piero
36%
Manchester United 2007/08 BRA ŚP Anderson
36%
Manchester United 2007/08 ARG PS Carlos Tevez
36%
OM 1992/93 FRA ŚP Didier Deschamps
36%
Juventus 1995/96 FRA ŚP Didier Deschamps
36%
Manchester United 1998/99 TTO N Dwight Yorke
36%
Real Madryt 1997/98 SPA N Fernando Morientes
36%
Real Madryt 1999/00 SPA N Fernando Morientes
36%
Real Madryt 2001/02 SPA N Fernando Morientes
36%
Chelsea 2011/12 ENG ŚO Gary Cahill
36%
AC Milan 2002/03 ITA ŚP Gennaro Gattuso
36%
AC Milan 2006/07 ITA PP Gennaro Gattuso
36%
Liverpool 2004/05 ENG ŚO Jamie Carragher
36%
Liverpool 2004/05 NOR LP John Arne Rise
36%
Ajax 1994/95 NED N Justin Kluivert
36%
Bayern 2012/13 BRA ŚPD Luis Gustavo
36%
Bayern 2000/01 BRA BR Oliver Kahn
36%
Bayern 2000/01 SWE ŚO Patrik Andersson
36%
Manchester United 1998/99 DEN BR Peter Schmeichel
36%
FC Porto 2003/04 POR ŚO Ricardo Carvalho
36%
Real Madryt 1999/00 ENG ŚPO Steve Mcmanaman
36%
Real Madryt 2001/02 ENG PP Steve Mcmanaman
36%
Manchester United 2007/08 ENG PO Wes Brown
36%
Real Madryt 2001/02 FRA ŚPD Claude Makelele
32%
FC Barcelona 2005/06 FRA PS Ludovic Giuly
32%
Liverpool 2004/05 SPA PP Luis Garcia
32%
Inter 2009/10 BRA PO Maicon
32%
Inter 2009/10 ITA ŚO Marco Materazzi
32%
Real Madryt 1999/00 FRA N Nicolas Anelka
32%
Manchester United 1998/99 NOR N Ole Gunnar Solskjaer
32%
Chelsea 2011/12 ENG LS Ryan Bertrand
32%
Liverpool 2004/05 FIN ŚO Sami Hyypia
32%
Manchester United 1998/99 ENG N Teddy Sheringham
32%
Ajax 1994/95 NED ŚP Edgar Davids
28%
FC Barcelona 2005/06 NED LO Giovanni Van Bronckhorst
28%
Real Madryt 1999/00 SPA ŚO Ivan Helguera
28%
Real Madryt 2001/02 SPA ŚO Ivan Helguera
28%
Manchester United 1998/99 NED ŚO Jaap Stam
28%
Ajax 1994/95 FIN ŚPO Jari Litmanen
28%
AC Milan 2002/03 GEO LO Kacha Kaladze
28%
AC Milan 2006/07 GEO LO Kacha Kaladze
28%
AC Milan 2006/07 CZH LO Marek Jankulovski
28%
Liverpool 2004/05 CZH PP Vladimir Smicer
28%
OM 1992/93 GHA ŚPO Abedi Pele
24%
Real Madryt 1997/98 CRO N Davor Suker
24%
Inter 2009/10 SRB ŚPD Dejan Stankovic
24%
OM 1992/93 FRA BR Fabian Barthez
24%
FC Barcelona 2005/06 BRA PO Juliano Belletti
24%
Borussia Dortmund 1996/97 GER ŚPO Lars Ricken
24%
Borussia Dortmund 1996/97 GER ŚO Mathias Sammer
24%
Real Madryt 1999/00 SPA PO Michel Salgado
24%
Real Madryt 2001/02 SPA PO Michel Salgado
24%
Bayern 2000/01 ENG ŚP Owen Hargreaves
24%
Manchester United 2007/08 ENG ŚP Owen Hargreaves
24%
Real Madryt 2001/02 ARG LP Santiago Solari
24%
Inter 2009/10 ARG ŚO Walter Samuel
24%
AC Milan 2006/07 ITA N Alberto Gilardino
20%
AC Milan 2002/03 ITA PO Alessandro Costacurta
20%
Liverpool 2004/05 GER ŚPD Dietmar Hamann
20%
Liverpool 2004/05 AUS N Harry Kewell
20%
OM 1992/93 FRA ŚO Marcel Desailly
20%
AC Milan 1993/94 FRA ŚP Marcel Desailly
20%
AC Milan 2002/03 ITA ŚPO Massimo Ambrosini
20%
AC Milan 2006/07 ITA ŚP Massimo Ambrosini
20%
AC Milan 2006/07 ITA PO Massimo Oddo
20%
Bayern 2000/01 GER ŚPO Mehmet Scholl
20%
Juventus 1995/96 POR ŚP Paulo Sousa
20%
Borussia Dortmund 1996/97 POR ŚP Paulo Sousa
20%
Real Madryt 1997/98 YUG N Predrag Mijatovic
20%
AC Milan 2002/03 BRA ŚP Serginho
20%
Borussia Dortmund 1996/97 GER BR Stefan Klos
20%
Bayern 2000/01 FRA LO Bixente Lizarazu
16%
Real Madryt 1997/98 GER BR Bodo Illgner
16%
Real Madryt 1997/98 ITA PO Christan Panucci
16%
AC Milan 1993/94 ITA LO Christian Panucci
16%
Manchester United 1998/99 IRE LO Denis Irwin
16%
Liverpool 2004/05 FRA N Djibril Cisse
16%
Ajax 1994/95 NGA PS Finidi George
16%
Bayern 2000/01 BRA N Giovane Elber
16%
Borussia Dortmund 1996/97 GER ŚO Jurgen Kohler
16%
Borussia Dortmund 1996/97 GER N Karl - Heinz Riedle
16%
Ajax 1994/95 NED LS Marc Overmars
16%
FC Barcelona 2005/06 NED ŚP Mark Van Bommel
16%
FC Barcelona 2005/06 SPA PO Oleguer
16%
Bayern 2000/01 BRA N Paulo Sergio
16%
AC Milan 1993/94 ITA LP Roberto Donadoni
16%
Bayern 2000/01 GHA ŚO Samuel Kuffour
16%
Real Madryt 1999/00 BRA N Savio
16%
AC Milan 1993/94 ITA BR Sebastiano Rossi
16%
Borussia Dortmund 1996/97 SUI N Stephane Chapuisat
16%
Liverpool 2004/05 IRL PO Steve Finnan
16%
Inter 2009/10 GHA LS Sulley Muntari
16%
FC Porto 2003/04 POR BR Vitor Baia
16%
Bayern 2000/01 FRA PO Willy Sagnol
16%
Real Madryt 1999/00 SPA ŚO Aitor Karanka
12%
OM 1992/93 CRO N Alen Boksić
12%
Borussia Dortmund 1996/97 GER ŚPO Andreas Moller
12%
Juventus 1995/96 ITA BR Angelo Peruzzi
12%
FC Porto 2003/04 POR ŚP Costinha
12%
AC Milan 1993/94 ITA N Daniele Massaro
12%
Ajax 1994/95 NED ŚO Danny Blind
12%
Liverpool 2004/05 MAL LO Djimi Traore
12%
Ajax 1994/95 NED ŚPD Frank Rijkard
12%
Juventus 1995/96 ITA N Gianluca Vialli
12%
Bayern 2000/01 BIH N Hasan Salihamidzic
12%
FC Barcelona 2010/11 NED N Ibrahim Afellay
12%
Manchester United 1998/99 SWE LP Jesper Blomqvist
12%
FC Porto 2003/04 POR ŚP Maniche
12%
FC Porto 2003/04 POR LO Nuno Valente
12%
Ajax 1994/95 NGA ŚP Nwankwo Kanu
12%
FC Porto 2003/04 POR PO Paulo Ferreira
12%
OM 1992/93 GER N Rudi Voller
12%
Bayern 2000/01 GER ŚP Stefan Effenberg
12%
AC Milan 1993/94 CRO PP Zvonimir Boban
12%
Bayern 2000/01 GER LS Alexander Zickler
8%
OM 1992/93 FRA ŚO Basile Boli
8%
FC Porto 2003/04 RPA N Benni Mccarthy
8%
FC Porto 2003/04 BRA N Carlos Alberto
8%
Bayern 2000/01 GER PS Carsten Jancker
8%
Real Madryt 1997/98 FRA ŚP Christian Karembeu
8%
AC Milan 1993/94 YUG ŚPO Dejan Savicevic
8%
AC Milan 1993/94 ITA ŚP Demetrio Albertini
8%
FC Porto 2003/04 BRA N Derlei
8%
FC Porto 2003/04 RUS N Dmitri Alenichev
8%
Juventus 1995/96 ITA PS Fabrizio Ravanelli
8%
Real Madryt 1997/98 ARG ŚP Fernando Redondo
8%
Real Madryt 1999/00 ARG ŚP Fernando Redondo
8%
AC Milan 2006/07 ITA LP Giuseppe Favalli
8%
Real Madryt 1997/98 SPA ŚO Manolo Sanchis
8%
Real Madryt 1999/00 SPA ŚO Manolo Sanchis
8%
Ajax 1994/95 NED ŚO Michael Reiziger
8%
Borussia Dortmund 1996/97 GER ŚPO Micheal Zorc
8%
Manchester United 1998/99 ENG ŚP Nicky Butt
8%
Borussia Dortmund 1996/97 SCO ŚP Paul Lambert
8%
Manchester United 1998/99 NOR ŚO Ronny Johnsen
8%
AC Milan 2002/03 BRA PO Roque Junior
8%
Bayern 2000/01 GER ŚO Thomas Linke
8%
Juventus 1995/96 YUG ŚP Vladimir Jugovic
8%
Juventus 1995/96 ITA ŚP Angelo Di Livio
4%
Juventus 1995/96 ITA ŚP Antonio Conte
4%
Juventus 1995/96 ITA ŚO Ciro Ferrara
4%
FC Barcelona 2005/06 BRA ŚP Edmilson
4%
Real Madryt 2001/02 BRA ŚPD Flavio Conceicao
4%
OM 1992/93 FRA ŚP Franck Sauzee
4%
Juventus 1995/96 ITA LO Gianluca Pessotto
4%
Borussia Dortmund 1996/97 GER N Heiko Herrlich
4%
Real Madryt 1999/00 SPA ŚO Ivan Campo
4%
Real Madryt 1997/98 SPA N Jaime
4%
Borussia Dortmund 1996/97 GER LP Jorg Heinrich
4%
Real Madryt 1997/98 SPA ŚPO Jose Amavisca
4%
Borussia Dortmund 1996/97 GER ŚO Martin Kree
4%
Juventus 1995/96 ITA PS Michele Padovano
4%
Juventus 1995/96 ITA PO Moreno Torricelli
4%
FC Porto 2003/04 POR ŚO Pedro Emmanuel
4%
Borussia Dortmund 1996/97 GER PP Stefan Reuter
4%
FC Barcelona 2008/09 BRA LO Sylvinho
4%
OM 1992/93 FRA LO Eric Di Meco
0%
OM 1992/93 FRA N Jean Christophe Thomas
0%
OM 1992/93 FRA ŚP Jean Jacques Eydelie
0%
OM 1992/93 FRA PO Jean Phillipe Durand
0%
OM 1992/93 FRA PO Jocelyn Angloma
0%
AC Milan 1993/94 ITA PO Mauro Tasotti
0%
AC Milan 1993/94 ITA ŚO Phillippo Galli
0%
Juventus 1995/96 ITA ŚO Pietro Vierchwood
0%
Nie znaleziono quizów pasujących do podanych kryteriów
Rozkład punktacji
Procent ludzi z każdym wynikiem
Percentyl według liczby udzielonych odpowiedzi
Twoja historia wyników
Nie rozwiązałeś tego quizu